00477nam a2200157Ia 4500003000900000008004100009020001800050040001600068080001700084245009200101260003700193300001400230650001400244650004100258700002000299IN-BaIIA211028s9999 xx 000 0 eng d a81-208-0612-3 cIIA Library a52(091)bTHE 4aThe surya sidhantacedited by P. Gangooly  aDelhibMotilal Banarsidassc1989 avi, 409p. aAstronomy aAstronomy and astrophysics thesaurus aGangooly, P ed.